[Event "2010 Standard Chess Dropout Tournament, Round 3"]
[Site "SchemingMind.com"]
[Date "2010.08.04"]
[Round "3"]
[White "n_antonov"]
[Black "auxarlier"]
[Result "1/2-1/2"]
[WhiteCountry "BUL"]
[BlackCountry "FRA"]
[WhiteElo "2290"]
[WhiteRD "100"]
[BlackElo "2204"]
[BlackRD "104"]
[GameID "255928"]

1. d4 d5 2. c4 e6 3. Nc3 Nf6 4. Nf3 c6 5. Bg5 Nbd7 6. e3 Qa5 7. cxd5 exd5 8. Bd3 Ne4 9. O-O Nxg5 10. Nxg5 Nf6
11. a3 Qc7 12. Nf3 Bd6 13. h3 O-O 14. Rc1 a6 15. Na4 Re8 16. Qb3 Rb8 17. Nc5 h6 18. Rfe1 a5 19. Qc2 Bd7 20. Nd2 Re7
21. Nxd7 Qxd7 22. Nb3 Qc7 23. Nc5 Ra8 24. Kf1 Qd8 25. Kg1 Qc7=
1/2-1/2

[Event "2010 Standard Chess Dropout Tournament, Round 3"]
[Site "SchemingMind.com"]
[Date "2010.08.03"]
[Round "3"]
[White "occult"]
[Black "Valiantangel"]
[Result "1-0"]
[WhiteCountry "ROU"]
[BlackCountry "SGP"]
[WhiteElo "1811"]
[WhiteRD "104"]
[BlackElo "1717"]
[BlackRD "67"]
[GameID "255929"]

1. e4 c6 2. d4 d5 3. exd5 cxd5 4. c4 Nf6 5. Nc3 Be6 6. c5 g6 7. Nf3 Bg7 8. Bd3 O-O 9. O-O Nc6 10. Re1 h6
11. a3 a5 12. Bxg6 Qc8 13. Bd3 b6 14. cxb6 Qb7 15. Na4 Nd7 16. Qb3 Rfb8 17. Nc5
1-0

[Event "2010 Standard Chess Dropout Tournament, Round 3"]
[Site "SchemingMind.com"]
[Date "2010.08.03"]
[Round "3"]
[White "PankracyRozumek"]
[Black "jonjenson"]
[Result "1-0"]
[WhiteCountry "POL"]
[BlackCountry "ENG"]
[WhiteElo "1837"]
[WhiteRD "88"]
[BlackElo "1764"]
[BlackRD "90"]
[GameID "255930"]

1. e4 e5 2. Nf3 Nc6 3. d4 exd4 4. Nxd4 Bc5 5. Be3 Qf6 6. Nb5 Bxe3 7. fxe3 Qh4+ 8. g3 Qd8 9. Qg4 g5 10. N1c3 d6
11. Qe2 a6 12. Nd4 Ne5 13. h3 Be6 14. O-O-O Qe7 15. Nd5 Bxd5 16. exd5 O-O-O 17. Qd2 Nf6 18. Qa5 Rdg8 19. Nf5 Qd7 20. g4 Nfxg4
21. hxg4 Nxg4 22. Nh6 Nf2 23. Nxg8 Nxd1 24. Kxd1 Rxg8 25. Rxh7 Qf5 26. Bd3 Qf3+ 27. Be2 Qf5 28. Rh1 Qe4 29. Rh3 f5 30. Qd2 g4
31. Rg3 Qh1+ 32. Qe1 Qxd5+ 33. Bd3 Rh8 34. Rg1 Rh5 35. b3 Qc5 36. Kc1 b5 37. b4 Qe5 38. c3 Rh2 39. Bb1 c5 40. bxc5 dxc5
41. Rf1 Rh5 42. Bc2 a5 43. Qd2 g3 44. e4 Rh2 45. Qg5 Rxc2+ 46. Kxc2 Qxe4+ 47. Kc1 g2 48. Rg1 Qd3 49. Qg8+ Kc7 50. Qg7+ Kc8
51. Rxg2 Qf1+ 52. Kb2
1-0

[Event "2010 Standard Chess Dropout Tournament, Round 3"]
[Site "SchemingMind.com"]
[Date "2010.08.03"]
[Round "3"]
[White "paradox"]
[Black "Saiidcd"]
[Result "0-1"]
[WhiteCountry "GER"]
[BlackCountry "LBN"]
[WhiteElo "2061"]
[WhiteRD "133"]
[BlackElo "2355"]
[BlackRD "97"]
[GameID "255931"]

1. Nf3 Nf6 2. g3 g6 3. Bg2 Bg7 4. O-O O-O 5. d3 d5 6. Nbd2 Nc6 7. e4 e5 8. c3 a5 9. a4 Re8 10. Re1 h6
11. Qc2 Be6 12. Rb1 Qd7 13. exd5 Nxd5 14. Ne4 b6 15. Re2 g5 16. Ned2 g4 17. Nh4 Rad8 18. f3 Ndb4 19. cxb4 Nxb4 20. Qd1 Qd4+
21. Kh1 Qxd3 22. Qe1 Nc2 23. Qf2 Ba2 24. fxg4 e4 25. Bxe4 Rxe4 26. Rxe4 Bxb1 27. Qf4 Nd4 28. Qxc7 Ne6 29. Qc4 Qxc4 30. Rxc4 Bd3
31. Rc6 Nd4 32. Rxb6 Rc8 33. Nb3 Nxb3 34. Rxb3 Rxc1+
0-1

[Event "2010 Standard Chess Dropout Tournament, Round 3"]
[Site "SchemingMind.com"]
[Date "2010.08.03"]
[Round "3"]
[White "pattSir"]
[Black "thebirdolux"]
[Result "1/2-1/2"]
[WhiteCountry "GER"]
[BlackCountry "USA"]
[WhiteElo "2450"]
[WhiteRD "141"]
[BlackElo "2449"]
[BlackRD "79"]
[GameID "255932"]

1. e4 c5 2. d4 cxd4 3. c3 dxc3 4. Nxc3 Nc6 5. Nf3 a6 6. Bc4 e6 7. O-O b5 8. Bb3 Bb7 9. Re1 Nge7 10. Be3 Na5
11. Rc1 f6 12. Nd4 Nec6 13. Nxc6 Bxc6 14. Nd5 Nxb3 15. Bb6 Qc8 16. Qh5+ g6 17. Nxf6+ Kf7 18. Qf3 Nxc1 19. Nxh7+ Kg8 20. Nf6+ Kg7
21. Bd4 e5 22. Bxe5 d6 23. Ne8+ Kg8 24. Nf6+ Kg7 25. Ne8+ Kg8 26. Nf6+=
1/2-1/2

[Event "2010 Standard Chess Dropout Tournament, Round 3"]
[Site "SchemingMind.com"]
[Date "2010.08.02"]
[Round "3"]
[White "pawngrabber"]
[Black "bull mccabe"]
[Result "1-0"]
[WhiteCountry "ENG"]
[BlackCountry "IRL"]
[WhiteElo "1974"]
[WhiteRD "83"]
[BlackElo "1848"]
[BlackRD "110"]
[GameID "255933"]

1. d4 d5 2. c4 e6 3. Nc3 Nf6 4. Bg5 Be7 5. e3 O-O 6. Nf3 h6 7. Bxf6 Bxf6 8. Qb3 c6 9. Be2 Qd6 10. O-O Nd7
11. cxd5 exd5 12. Rac1 Re8 13. a4 a6 14. a5 Rb8 15. Na4 Nf8 16. Nb6 Bg4 17. h3 Bh5 18. Qc3 Ne6 19. b4 Nxd4 20. Nxd4 Bxe2
21. Rfe1 Bh5 22. Qd2 Be7 23. Rb1 Bd8 24. Na4 Bg6 25. Rbc1 Bc7 26. g3 Qf6 27. Nc5 Re7 28. Qd1 Be4 29. Qg4 Be5 30. Nd7 Rxd7
31. Qxd7 Bxd4 32. exd4 Qf3 33. Rxe4 Qxe4 34. Qc7 Qe8 35. Kf1 Qc8 36. Qxc8+ Rxc8 37. Re1 Kf8 38. Re3 Re8 39. Ke2 Rxe3+ 40. Kxe3
1-0

[Event "2010 Standard Chess Dropout Tournament, Round 3"]
[Site "SchemingMind.com"]
[Date "2010.08.03"]
[Round "3"]
[White "Peacemaker"]
[Black "Ryan"]
[Result "1-0"]
[WhiteCountry "GER"]
[BlackCountry "NED"]
[WhiteElo "2521"]
[WhiteRD "69"]
[BlackElo "2110"]
[BlackRD "132"]
[GameID "255934"]

1. e4 c5 2. Nf3 Nc6 3. d4 cxd4 4. Nxd4 Nf6 5. Nc3 e5 6. Ndb5 d6 7. Bg5 a6 8. Na3 b5 9. Nd5 Be7 10. Bxf6 Bxf6
11. c3 Bg5 12. Nc2 O-O 13. a4 bxa4 14. Rxa4 f5 15. h4 Bh6 16. exf5 Rb8 17. b4 e4 18. g4 Ne5 19. Nd4 Re8 20. g5 Nf3+
21. Nxf3 exf3+ 22. Ne3 Bxg5 23. hxg5 Qxg5 24. Qd5+ Kh8 25. Kd2 h6 26. Qf7 Bb7 27. f6 gxf6 28. Ra5
1-0

[Event "2010 Standard Chess Dropout Tournament, Round 3"]
[Site "SchemingMind.com"]
[Date "2010.08.03"]
[Round "3"]
[White "pjl1015"]
[Black "Peacemaker"]
[Result "1/2-1/2"]
[WhiteCountry "USA"]
[BlackCountry "GER"]
[WhiteElo "2431"]
[WhiteRD "115"]
[BlackElo "2448"]
[BlackRD "64"]
[GameID "255936"]

1. d4 Nf6 2. c4 e6 3. Nf3 d5 4. Nc3 c6 5. Bg5 h6 6. Bxf6 Qxf6 7. e3 Nd7 8. Bd3 dxc4 9. Bxc4 g6 10. Qc2 Qe7
11. O-O Bg7 12. Rfd1 O-O 13. Be2 b6 14. Qa4 Bb7 15. Ba6 Bxa6 16. Qxa6 c5 17. Rac1 Rfd8 18. Qb7 cxd4 19. Nxd4 Qe8 20. Ncb5 Nc5
21. Qf3 Bxd4 22. Nc7 Qe7 23. Nxa8 Bxb2 24. Rb1 Be5 25. Qc6 Rb8 26. Nxb6 Rxb6 27. Rxb6 axb6 28. Qxb6 Bf6 29. Rb1 Kh7 30. h3 Kg7
31. Qc6 Qa7 32. Rb5 Nd3=
1/2-1/2

[Event "2010 Standard Chess Dropout Tournament, Round 3"]
[Site "SchemingMind.com"]
[Date "2010.08.02"]
[Round "3"]
[White "Ryan"]
[Black "joralx3"]
[Result "0-1"]
[WhiteCountry "NED"]
[BlackCountry "ARG"]
[WhiteElo "2120"]
[WhiteRD "131"]
[BlackElo "2526"]
[BlackRD "115"]
[GameID "255937"]

1. e4 c5 2. Nf3 Nc6 3. d4 cxd4 4. Nxd4 e5 5. Nb5 d6 6. N1c3 Nf6 7. Bg5 a6 8. Na3 b5 9. Nd5 Be7 10. Bxf6 Bxf6
11. c4 b4 12. Nc2 Rb8 13. b3 Bg5 14. g3 Be6 15. h4 Bh6 16. Bh3 O-O 17. Kf1 Qc8 18. Kg2 Bxh3+ 19. Rxh3 f5 20. f3 fxe4
21. fxe4 Rf2+ 22. Kxf2 Qxh3 23. Qd3 Qh2+ 24. Kf3 Rf8+ 25. Kg4 g6
0-1

[Event "2010 Standard Chess Dropout Tournament, Round 3"]
[Site "SchemingMind.com"]
[Date "2010.08.01"]
[Round "3"]
[White "Saiidcd"]
[Black "jacekp_05"]
[Result "1-0"]
[WhiteCountry "LBN"]
[BlackCountry "POL"]
[WhiteElo "2346"]
[WhiteRD "94"]
[BlackElo "1940"]
[BlackRD "122"]
[GameID "255938"]

1. e4 e5 2. Nf3 Nc6 3. Bb5 a6 4. Ba4 Nf6 5. O-O d6 6. Re1 Be7 7. c3 O-O 8. h3 b5 9. Bb3 Bb7 10. d4 h6
11. Nbd2 exd4 12. cxd4 Na5 13. Bc2 c5 14. Nf1 Re8 15. Ng3 Qc7 16. d5 Bf8 17. b3 Rad8 18. Bb2 Nd7 19. Rc1 g6 20. Qd2 Bg7
21. Bxg7 Kxg7 22. h4 Nf6 23. h5 Bc8 24. Nh4 Nxh5 25. Nxh5+ gxh5 26. Re3 f6 27. Rg3+ Bg4 28. Nf5+
1-0

[Event "2010 Standard Chess Dropout Tournament, Round 3"]
[Site "SchemingMind.com"]
[Date "2010.08.03"]
[Round "3"]
[White "saxon"]
[Black "dmichael"]
[Result "1/2-1/2"]
[WhiteCountry "GER"]
[BlackCountry "USA"]
[WhiteElo "2467"]
[WhiteRD "109"]
[BlackElo "2569"]
[BlackRD "102"]
[GameID "255939"]

1. d4 d5 2. c4 c6 3. Nf3 Nf6 4. e3 a6 5. Bd3 dxc4 6. Bxc4 e6 7. O-O c5 8. Bb3 Nc6 9. Nc3 b5 10. dxc5 Bb7
11. Qe2 Bxc5 12. e4 Nd4 13. Nxd4 Bxd4 14. e5 Nd5 15. Nxd5 Bxd5 16. Rd1 Bxb3 17. axb3 Qb6 18. Bd2 O-O 19. Ba5 Qa7 20. Rd2 Bb6
21. b4=
1/2-1/2

[Event "2010 Standard Chess Dropout Tournament, Round 3"]
[Site "SchemingMind.com"]
[Date "2010.07.29"]
[Round "3"]
[White "soundso"]
[Black "occult"]
[Result "1-0"]
[WhiteCountry "USA"]
[BlackCountry "ROU"]
[WhiteElo "1804"]
[WhiteRD "95"]
[BlackElo "1811"]
[BlackRD "104"]
[GameID "255941"]

1. d4 Nf6 2. c4 e6 3. Nf3 b6 4. g3 Ba6 5. Qa4 Bb7 6. Bg2 c5 7. O-O cxd4 8. Nxd4 Bxg2 9. Kxg2 Qc7 10. Nc3 Be7
11. e4 O-O 12. Ndb5 Qb7 13. f3 a6 14. Nd4 Nc6 15. Nxc6 dxc6 16. Bf4 Rfd8 17. Rad1 b5 18. cxb5 axb5 19. Rxd8+ Rxd8 20. Qc2 Nd7
21. a3 Bf6 22. Rd1 Qb6 23. Ne2 e5 24. Bc1 Nc5 25. Rxd8+ Bxd8 26. Be3 Be7 27. b4
1-0

[Event "2010 Standard Chess Dropout Tournament, Round 3"]
[Site "SchemingMind.com"]
[Date "2010.08.03"]
[Round "3"]
[White "Spohn"]
[Black "tecamac"]
[Result "1-0"]
[WhiteCountry "USA"]
[BlackCountry "FRA"]
[WhiteElo "1949"]
[WhiteRD "97"]
[BlackElo "1581"]
[BlackRD "92"]
[GameID "255942"]

1. e4 e5 2. f4 f6 3. fxe5 fxe5 4. Qh5+ g6 5. Qxe5+ Qe7 6. Qxh8 Nf6 7. Nf3 Nc6 8. Nc3 Nb4 9. Bd3 d6 10. O-O Be6
11. Ng5 O-O-O 12. Qxf6
1-0

[Event "2010 Standard Chess Dropout Tournament, Round 3"]
[Site "SchemingMind.com"]
[Date "2010.08.03"]
[Round "3"]
[White "startstek"]
[Black "Apocalypse"]
[Result "0-1"]
[WhiteCountry "ALG"]
[BlackCountry "USA"]
[WhiteElo "2034"]
[WhiteRD "92"]
[BlackElo "2592"]
[BlackRD "98"]
[GameID "255943"]

1. e4 c6 2. d4 d5 3. e5 Bf5 4. Nf3 e6 5. Be2 Ne7 6. O-O h6 7. Nbd2 Qc7 8. Nb3 Nd7 9. Be3 g5 10. Ne1 Bh7
11. Bd3 Nf5 12. Bd2 Be7 13. f4 c5 14. Bxf5 Bxf5 15. c3 O-O-O 16. Be3 c4 17. Nd2 Rhg8 18. b3 Kb8 19. bxc4 dxc4 20. a4 Nb6
21. fxg5 Nd5 22. Bf2 Bxg5 23. Qe2 Nxc3 24. Qxc4 Bxd2 25. Qxc7+ Kxc7 26. Nf3 Be4
0-1

[Event "2010 Standard Chess Dropout Tournament, Round 3"]
[Site "SchemingMind.com"]
[Date "2010.08.03"]
[Round "3"]
[White "sthorwall"]
[Black "CuriousShadow"]
[Result "1-0"]
[WhiteCountry "USA"]
[BlackCountry "USA"]
[WhiteElo "2219"]
[WhiteRD "99"]
[BlackElo "1958"]
[BlackRD "134"]
[GameID "255944"]

1. e4 c5 2. Nf3 Nc6 3. d4 cxd4 4. Nxd4 Nf6 5. Nc3 d6 6. Bg5 Qb6 7. Nb3 e6 8. Qd2 Be7 9. Bxf6 gxf6 10. Be2 Bd7
11. O-O a6 12. a4 O-O 13. a5 Qc7 14. Na4 Rad8 15. Nb6 Kh8 16. f4 Rg8 17. Qc3 Qb8 18. f5 Ne5 19. Nd4 exf5 20. Nxf5 Bxf5
21. Rxf5 Rg5 22. Rxg5 fxg5 23. Rf1 Rf8 24. Nd7
1-0

[Event "2010 Standard Chess Dropout Tournament, Round 3"]
[Site "SchemingMind.com"]
[Date "2010.08.03"]
[Round "3"]
[White "The Stonewall"]
[Black "montinskij"]
[Result "1/2-1/2"]
[WhiteCountry "ENG"]
[BlackCountry "USA"]
[WhiteElo "2252"]
[WhiteRD "92"]
[BlackElo "2155"]
[BlackRD "138"]
[GameID "255946"]

1. d4 Nf6 2. c4 c5 3. d5 e6 4. Nc3 exd5 5. cxd5 d6 6. e4 g6 7. f4 Bg7 8. Nf3 O-O 9. Be2 Bg4 10. e5 Bxf3
11. Bxf3 dxe5 12. fxe5 Nfd7 13. e6 Ne5 14. O-O fxe6 15. Be3 Nxf3+ 16. Rxf3 Rxf3 17. Qxf3 exd5 18. Nxd5 Nd7 19. Rd1 Ne5 20. Qe4 Qd6
21. Nc3 Qc6 22. Qxc6 bxc6 23. Bxc5 Nc4 24. Na4 Nxb2 25. Nxb2 Bxb2 26. Rd6 Rc8 27. Kf2 Be5 28. Re6 Bc7 29. Bxa7 Ra8 30. Bc5 Rxa2+
31. Kf3 Bxh2 32. g3 Rc2 33. Bf2 Kf7 34. Re1 g5 35. Rh1 Bxg3 36. Bxg3 Rc3+ 37. Kg2 Kg6 38. Rf1 h5 39. Be5 Rc2+ 40. Kh3 h4
41. Rf8 c5 42. Bc7 c4 43. Rg8+ Kf5 44. Rf8+ Ke4 45. Re8+ Kd3 46. Rd8+ Ke2 47. Re8+ Kd1 48. Rd8+ Rd2 49. Rxd2+ Kxd2 50. Bd8 c3=
1/2-1/2

[Event "2010 Standard Chess Dropout Tournament, Round 3"]
[Site "SchemingMind.com"]
[Date "2010.08.03"]
[Round "3"]
[White "thebirdolux"]
[Black "John M. Sargent"]
[Result "1/2-1/2"]
[WhiteCountry "USA"]
[BlackCountry "ENG"]
[WhiteElo "2449"]
[WhiteRD "79"]
[BlackElo "2340"]
[BlackRD "102"]
[GameID "255947"]

1. Nf3 Nf6 2. c4 c5 3. Nc3 Nc6 4. g3 g6 5. Bg2 Bg7 6. d4 cxd4 7. Nxd4 O-O 8. O-O Qb6 9. Ndb5 d6 10. Be3 Qd8
11. Nd5 Ng4 12. Bg5 h6 13. Bd2 a6 14. Nbc3 Nge5 15. b3 e6 16. Nf4 Qc7 17. Rc1 Rb8 18. Ncd5 Qd7 19. Nb4 Rd8 20. Nxc6 Nxc6
21. Qc2 b6 22. Rfd1 Bb7 23. Be3 Ba8 24. c5 bxc5 25. Bxc5 d5 26. Rd2 a5 27. Qd1 Nb4 28. e4 d4 29. Bxb4 axb4 30. Nd3 e5
31. Rdc2 Qe6 32. Rc4 Bf8=
1/2-1/2

[Event "2010 Standard Chess Dropout Tournament, Round 3"]
[Site "SchemingMind.com"]
[Date "2010.08.03"]
[Round "3"]
[White "Theodoric"]
[Black "andu"]
[Result "0-1"]
[WhiteCountry "ENG"]
[BlackCountry "AUT"]
[WhiteElo "2047"]
[WhiteRD "79"]
[BlackElo "2132"]
[BlackRD "64"]
[GameID "255948"]

1. e4 e5 2. Nf3 Nc6 3. Bc4 Nf6 4. Ng5 d5 5. exd5 Na5 6. Bb5+ c6 7. dxc6 bxc6 8. Ba4 h6 9. Nf3 e4 10. Qe2 Bd6
11. d3 Ba6 12. c4 O-O 13. dxe4 Bxc4 14. Qd1 Nxe4 15. Be3 Bb4+ 16. Nbd2 Nxd2 17. Nxd2 Re8 18. b3 Qd5 19. bxc4 Qxg2 20. Qe2 Qxh1+
21. Qf1 Qe4 22. Rc1 Rad8
0-1

[Event "2010 Standard Chess Dropout Tournament, Round 3"]
[Site "SchemingMind.com"]
[Date "2010.08.03"]
[Round "3"]
[White "Trener"]
[Black "Spohn"]
[Result "1-0"]
[WhiteCountry "PAR"]
[BlackCountry "USA"]
[WhiteElo "2266"]
[WhiteRD "114"]
[BlackElo "1957"]
[BlackRD "98"]
[GameID "255949"]

1. Nf3 c5 2. e4 Nc6 3. Bb5 e6 4. O-O Nf6 5. e5 Nd5 6. d3 Qc7 7. Re1 a6 8. Bxc6 Qxc6 9. c4 Ne7 10. Nc3 Ng6
11. d4 d6 12. d5 Qc7 13. exd6 Bxd6 14. Ne4 O-O 15. dxe6 Rd8 16. exf7+ Kf8 17. Qe2 Bg4 18. Neg5 h6 19. Qe4 Bxf3 20. Nh7+
1-0

[Event "2010 Standard Chess Dropout Tournament, Round 3"]
[Site "SchemingMind.com"]
[Date "2010.08.03"]
[Round "3"]
[White "Uzi Mike"]
[Black "Faloan"]
[Result "1-0"]
[WhiteCountry "USA"]
[BlackCountry "GER"]
[WhiteElo "2258"]
[WhiteRD "72"]
[BlackElo "2120"]
[BlackRD "110"]
[GameID "255950"]

1. e4 c5 2. Nf3 e6 3. d4 cxd4 4. Nxd4 Nc6 5. Nc3 Qc7 6. f4 a6 7. Be2 b5 8. Nxc6 Qxc6 9. Bf3 Bb7 10. Be3 Rc8
11. a3 Qc7 12. Qd2 Be7 13. O-O h5 14. Bd4 Nf6 15. e5 Ng4 16. Rad1 Bxf3 17. Rxf3 O-O 18. h3 Nh6 19. Bf2 Rfd8 20. Rd3 h4
21. Ne4 Nf5 22. c3 Qc6 23. Qe2 a5 24. Ng5 g6 25. Ne4 b4 26. axb4 axb4 27. cxb4 Bxb4 28. Kf1 Kg7 29. b3 Be7 30. Kg1 Rb8=
31. Rc3 Qb5 32. Rcd3 Rbc8 33. Kh1 Rc7 34. Qb2 Rc6 35. R3d2 Bb4 36. Rd3 Be7 37. Qb1 Rb8 38. Ba7 Rb7 39. Bg1 Rcc7 40. Bf2 Rb8
41. Rf3 Rbc8 42. Qd3 Qxd3 43. Rfxd3 Rb8 44. Be1 Rcb7 45. Rb1 Bb4 46. Kg1 Bxe1 47. Rxe1 Rxb3 48. Rxd7 R8b7= 49. Red1
1-0

[Event "2010 Standard Chess Dropout Tournament, Round 3"]
[Site "SchemingMind.com"]
[Date "2010.08.03"]
[Round "3"]
[White "Valiantangel"]
[Black "Sebastian Strauchler"]
[Result "0-1"]
[WhiteCountry "SGP"]
[BlackCountry "ARG"]
[WhiteElo "1849"]
[WhiteRD "68"]
[BlackElo "2191"]
[BlackRD "114"]
[GameID "255951"]

1. d4 Nf6 2. c4 g6 3. Nc3 d5 4. Nf3 Bg7 5. cxd5 Nxd5 6. e4 Nxc3 7. bxc3 c5 8. Be3 Nc6 9. Bb5 Qa5 10. Bxc6+ bxc6
11. Bd2 Ba6 12. Rb1 Qxa2 13. Ra1 Qc4 14. e5 Rb8 15. Ra4 Qd3 16. Ra3 Rb1
0-1

[Event "2010 Standard Chess Dropout Tournament, Round 3"]
[Site "SchemingMind.com"]
[Date "2010.07.31"]
[Round "3"]
[White "wayder"]
[Black "agarr"]
[Result "1-0"]
[WhiteCountry "USA"]
[BlackCountry "RUS"]
[WhiteElo "1939"]
[WhiteRD "97"]
[BlackElo "1754"]
[BlackRD "89"]
[GameID "255952"]

1. d4 d5 2. c4 e6 3. Nf3 c5 4. e3 Nf6 5. Nc3 Nc6 6. cxd5 exd5 7. Be2 cxd4 8. Nxd4 Bc5 9. Bb5 Bd7 10. Nxc6 bxc6
11. Bd3 O-O 12. e4 dxe4 13. Bxe4 Nxe4 14. Nxe4 Re8 15. Qc2 Qb6 16. O-O Bd4 17. Ng5 g6 18. Nf3 Bf5 19. Qd2 Rad8 20. Nxd4 Qxd4
21. Qxd4 Rxd4 22. Be3 Rb4 23. b3 a6 24. Rac1 Be4 25. Rfe1 Bd5 26. Bh6 Rxe1+ 27. Rxe1 Re4 28. Rxe4 Bxe4 29. f3 Bd5 30. Kf2 f6
31. Ke3 Kf7 32. Kd4 g5 33. Kc5 g4 34. Kb6 gxf3 35. gxf3 Bxf3 36. Kxa6 Kg6 37. Be3 Bd5 38. Bc5
1-0

[Event "2010 Standard Chess Dropout Tournament, Round 3"]
[Site "SchemingMind.com"]
[Date "2010.08.03"]
[Round "3"]
[White "wilfried"]
[Black "Midlander"]
[Result "1-0"]
[WhiteCountry "GER"]
[BlackCountry "ENG"]
[WhiteElo "2445"]
[WhiteRD "116"]
[BlackElo "2214"]
[BlackRD "68"]
[GameID "255953"]

1. d4 g6 2. c4 Bg7 3. e4 d6 4. Nc3 Nf6 5. Nf3 O-O 6. Be2 e5 7. O-O Nc6 8. d5 Ne7 9. Bg5 h6 10. Bd2 Nd7
11. Ne1 f5 12. f3 f4 13. Nd3 g5 14. Be1 h5 15. Bf2 Nf6 16. c5 g4 17. Rc1 Ng6 18. cxd6 cxd6 19. Nb5 g3 20. hxg3 fxg3
21. Bxg3 Qb6+ 22. Nf2 h4 23. Bh2 Nh5 24. Nc7 Rb8 25. Qb3 Nhf4 26. Rfe1 Nxe2+ 27. Rxe2 Qxb3 28. axb3 Bd7 29. Ne6 Bxe6 30. dxe6 Rfe8
31. Rc7 Rxe6 32. Rd2 Bh6 33. Rd3 Nf8 34. Ng4 Bg5 35. Kf1 a6 36. Bg1 Bd8 37. Rc2 Nd7 38. Rd1 a5 39. Rc3 Kf7 40. Ne3 Nc5
41. Nf5 Be7 42. Bxc5 dxc5 43. Rd7 b6 44. Rcd3 Rh8 45. R3d5 h3 46. gxh3 Rxh3 47. Nxe7 Rxe7 48. Rxe7+ Kxe7 49. Rxe5+ Kf6 50. Rf5+ Ke6
51. Kg2 Rh8 52. f4 Rd8 53. Re5+ Kf6 54. Rd5
1-0

[Event "2010 Standard Chess Dropout Tournament, Round 3"]
[Site "SchemingMind.com"]
[Date "2010.08.03"]
[Round "3"]
[White "Zerstörer"]
[Black "PankracyRozumek"]
[Result "1/2-1/2"]
[WhiteCountry "ITA"]
[BlackCountry "POL"]
[WhiteElo "1890"]
[WhiteRD "95"]
[BlackElo "1837"]
[BlackRD "88"]
[GameID "255954"]

1. e4 Nf6 2. e5 Nd5 3. d4 d6 4. Nf3 g6 5. Bc4 Nb6 6. Bb3 Bg7 7. a4 a5 8. O-O dxe5 9. Nxe5 e6 10. Be3 O-O
11. Nd2 N8d7 12. Ndf3 Nd5 13. Qd2 Nxe3 14. Qxe3 Nxe5 15. Nxe5 Qd6 16. Rfd1 c6 17. c3 b5 18. axb5 cxb5 19. Bc2 Bb7 20. Be4 Bxe4
21. Qxe4 Bxe5 22. dxe5 Qc7 23. g3 Rfc8 24. Rd6 Rd8 25. Rad1 Rab8 26. Qd4 Rxd6 27. exd6 Qd7 28. Qf6 Qd8 29. Qd4 Rb6 30. d7 Rb7
31. Qd6 a4 32. Qc6 Rb8 33. Rd4 Kg7 34. Qd6 Rb7 35. Qc6 Rb8 36. c4 bxc4 37. Qxa4 Rxb2 38. Rxc4 Rd2 39. Rd4 Rxd4 40. Qxd4+ f6
41. Qd6 Kf7 42. f4 e5 43. fxe5 fxe5 44. Kf2 h6 45. h4 h5 46. Ke3 g5 47. Ke4 gxh4 48. gxh4 Qxh4+ 49. Kxe5 Qg3+ 50. Kd5 Qb3+
51. Kc6 Qa4+ 52. Kc7 Qa7+ 53. Kc8 Qa8+=
1/2-1/2

[Event "2010 Standard Chess Dropout Tournament, Round 4"]
[Site "SchemingMind.com"]
[Date "2011.01.22"]
[Round "4"]
[White "joralx3"]
[Black "Apocalypse"]
[Result "0-1"]
[WhiteCountry "ARG"]
[BlackCountry "USA"]
[WhiteElo "2469"]
[WhiteRD "108"]
[BlackElo "2679"]
[BlackRD "107"]
[GameID "273434"]

1. e4 Nc6 2. Nf3 f5 3. exf5 d5 4. Bb5 Bxf5 5. Ne5 Qd6 6. d4 Nf6 7. O-O Nd7 8. Bxc6 bxc6 9. Bf4 Nxe5 10. Bxe5 Qd7
11. c4 Rb8 12. b3 dxc4 13. bxc4 e6 14. c5 h5 15. Qf3 Kf7
0-1

[Event "2010 Standard Chess Dropout Tournament, Round 4"]
[Site "SchemingMind.com"]
[Date "2011.01.22"]
[Round "4"]
[White "dmichael"]
[Black "Chess Tiger"]
[Result "1/2-1/2"]
[WhiteCountry "USA"]
[BlackCountry "GER"]
[WhiteElo "2584"]
[WhiteRD "99"]
[BlackElo "2424"]
[BlackRD "104"]
[GameID "273437"]

1. d4 Nf6 2. c4 e6 3. g3 d5 4. Bg2 dxc4 5. Nf3 Nc6 6. Qa4 Bb4+ 7. Bd2 Nd5 8. Bxb4 Nxb4 9. O-O Rb8 10. Nc3 a6
11. Ne5 O-O 12. Bxc6 Nxc6 13. Nxc6 bxc6 14. Qxc4 Rxb2 15. Rfb1 Rxb1+ 16. Rxb1 Qd6 17. Rb8 Bd7 18. Ne4 Qd5 19. Qb4 Bc8 20. Nc3 Qd6
21. Qxd6 cxd6 22. Ne4 e5 23. Nxd6 Be6 24. Rxf8+ Kxf8 25. dxe5 Bxa2 26. Nb7 Bc4 27. Kf1 Ke7 28. Ke1 Ke6 29. f4 Kd5 30. Nd6 Kc5
31. Kd2 Ba2 32. Kc3 f6 33. e4 fxe5 34. fxe5 g6 35. Ne8 Be6 36. h4 a5 37. Ng7 Bg4 38. Kb3 Kd4 39. e6 Kxe4 40. e7 Bd7
41. Ka4 Ke5 42. Kxa5 Kf6 43. e8=Q Bxe8 44. Nxe8+ Kf5 45. Nd6+ Kg4 46. h5 Kxg3 47. hxg6 hxg6=
1/2-1/2

[Event "2010 Standard Chess Dropout Tournament, Round 4"]
[Site "SchemingMind.com"]
[Date "2011.01.22"]
[Round "4"]
[White "Chess Tiger"]
[Black "pjl1015"]
[Result "0-1"]
[WhiteCountry "GER"]
[BlackCountry "USA"]
[WhiteElo "2398"]
[WhiteRD "101"]
[BlackElo "2547"]
[BlackRD "107"]
[GameID "273438"]

1. d4 Nf6 2. c4 e6 3. Nf3 Bb4+ 4. Nbd2 O-O 5. a3 Be7 6. e4 d6 7. Bd3 e5 8. O-O h6 9. Re1 exd4 10. Nxd4 Re8
11. Bc2 c5 12. Nf5 Bxf5 13. exf5 Nc6
0-1

[Event "2010 Standard Chess Dropout Tournament, Round 4"]
[Site "SchemingMind.com"]
[Date "2011.01.22"]
[Round "4"]
[White "pjl1015"]
[Black "joralx3"]
[Result "1-0"]
[WhiteCountry "USA"]
[BlackCountry "ARG"]
[WhiteElo "2578"]
[WhiteRD "107"]
[BlackElo "2469"]
[BlackRD "108"]
[GameID "273439"]

1. e4 c5 2. Nf3 Nc6 3. Nc3 d6 4. d4 cxd4 5. Nxd4 Nf6 6. Bg5 e6 7. Qd2 a6 8. O-O-O h6 9. Be3 Be7 10. f3 Nxd4
11. Bxd4 b5 12. Kb1 Rb8 13. g4 b4 14. Ne2 e5 15. Bf2
1-0

[Event "2010 Standard Chess Dropout Tournament, Round 4"]
[Site "SchemingMind.com"]
[Date "2011.01.18"]
[Round "4"]
[White "pattSir"]
[Black "saxon"]
[Result "1/2-1/2"]
[WhiteCountry "GER"]
[BlackCountry "GER"]
[WhiteElo "2454"]
[WhiteRD "136"]
[BlackElo "2476"]
[BlackRD "109"]
[GameID "273440"]

1. e4 e5 2. Bc4 Nc6 3. Nc3 Nf6 4. d3 Na5 5. Qf3 c6 6. Nge2 Nxc4 7. dxc4 d6 8. O-O Be7 9. h3 Be6 10. b3 Qc7
11. a4 Rg8 12. Ng3 g5 13. Nf5 g4 14. hxg4 Rxg4 15. c5 dxc5 16. Rd1 Rd8 17. Bh6 Rd4 18. Ng7+ Rxg7 19. Bxg7 Bg4 20. Qg3 Bxd1
21. Bxf6 Bxf6 22. Nxd1 Kf8 23. Ne3 Rxe4 24. Qf3 Rf4 25. Qh5 Rh4=
1/2-1/2